000 00858cam a22003015i 4500
001 18357785
003 OSt
005 20180116183107.0
008 141103s2014 nyu 000 0 eng
010 _a 2014955737
020 _a9783642553080 (hard cover : alk. paper)
040 _aDLC
_beng
_erda
_cDLC
042 _apcc
050 _a658.5
082 _a658.5
100 _aStadtler,Hartmut
245 0 0 _aSupply chain management and advanced planning .
_bconcepts, models, software, and case studies .
_c[edited by] Hartmut Stadtler.
250 _a5th ed.
260 _aNew York
_bSpringer.
_c2015
263 _a1411
300 _a557p.
500 _aHard Cover
600 _aStadtler,Hartmut
700 _aStadtler,Hartmut
906 _a0
_bibc
_corignew
_d2
_eepcn
_f20
_gy-gencatlg
942 _2ddc
_cBK
_k658.5
999 _c352098
_d352098